000 00576cam a2200229u 4500
001 4791
003 BD-RjUL
005 20211208233945.0
008 131223s1958 xx 001 0 eng
035 _a(BD-RjUL)4826
040 _aDLC
_cCarP
_dDLC
_beng
041 _aeng
082 _2347
_bABL
100 1 _aAbrahams, Gerald,
_d1907-
_915114
245 0 4 _aThe law for writers and journalists.
260 _aLondon :
_bH. Jenkins,
_c1958.
300 _a224 p. ;
_bcm.
504 _aincludes index.
942 _2ddc
_cBK
999 _c4791
_d4791